Atrizes Brasileiras por Foto - Statistics

Estatísticas Gerais
  • Esse quiz foi jogado 503 vezes
  • A pontuação média é 23 de 40
Estatísticas das Respostas
Imagem Resposta % Correto
Fernanda Montenegro
98%
Juliana Paes
87%
Regina Casé
86%
Cláudia Raia
84%
Paolla Oliveira
82%
Giovanna Antonelli
79%
Taís Araújo
79%
Deborah Secco
78%
Dani Calabresa
76%
Camila Pitanga
75%
Flávia Alessandra
75%
Ingrid Guimarães
75%
Mariana Ximenes
75%
Vera Fischer
74%
Regina Duarte
72%
Luana Piovani
70%
Renata Sorrah
64%
Dira Paes
63%
Bárbara Paz
59%
Letícia Spiller
59%
Glória Menezes
54%
Leandra Leal
54%
Marisa Orth
54%
Heloísa Périssé
52%
Alinne Moraes
51%
Eva Wilma
49%
Carol Castro
47%
Aracy Balabanian
46%
Marília Pêra
46%
Sophia Abrahão
46%
Fernanda Vasconcellos
43%
Zezé Motta
42%
Betty Faria
36%
Fernanda Rodrigues
32%
Rosamaria Murtinho
29%
Denise Fraga
28%
Bianca Rinaldi
25%
Ângela Vieira
20%
Leona Cavalli
19%
Alexandra Richter
11%
Nenhum quiz correspondente encontrado
Distribuição das Pontuações
Porcentagem de Pessoas com Cada Pontuação
Percentil de Números Respondidos
Sua Pontuação Histórica
Você não jogou esse quiz